Readings on Financial Institutions and Markets

Saved in:
Bibliographic Details
Other Authors: Rose, Peter S.
Format: Book
Language:English
Published: Homewood IRWIN 1993
Edition:5. ed.
Subjects:
Tags: Add Tag
No Tags, Be the first to tag this record!

MARC

LEADER 00000nam a2200000 4500
001 c014389
005 20221214083701.2
020 |a 0-256-09454-3 
041 0 |a eng 
044 |a US 
245 1 0 |a Readings on Financial Institutions and Markets  |c Edit. Peter S. Rose 
250 |a 5. ed. 
264 1 |a Homewood  |b IRWIN  |c 1993 
300 |a 406 s. 
610 2 0 |a trh finančný 
610 2 0 |a trh kapitálový 
610 2 0 |a bankovníctvo 
610 2 0 |a obligácie 
700 1 |a Rose, Peter S.